| 000 | 01712nam a22002417a 4500 | ||
|---|---|---|---|
| 999 |
_c59949 _d59949 |
||
| 003 | Ge_BSU | ||
| 005 | 20230522111643.0 | ||
| 008 | 230522s2012 ge ||||| |||| 00| 0 geo d | ||
| 020 | _a2233-3495 | ||
| 041 | _ageo | ||
| 080 | _a069.02(479.22) ქ-84 | ||
| 245 |
_aქუთაისის სახელმწიფო ისტორიული მუზეუმის შრომები = Works of the Stete Historical Museum : Edition XXII: _bკრებული XXII / _cმთ. რედ. ო. ლანჩავა; რედ. ნ. ქარციძე; საქ. კულტურისა და ძეგლთა დაცვის სამინისტრო. ქუთაისის სახელმწიფო ისტორიული მუზეუმი. |
||
| 264 |
_aქუთაისი : _bშპს ''მბმ-პოლიგრაფის" სტამბა, _c2012. |
||
| 300 |
_a352 გვ.: _b+ CD. ილ. ; _c29 სმ. |
||
| 500 | _aქუთაისის სახელმწიფო ისტორიული მუზეუმის შრომების კრებული XXII მიძღვნილია ქუთაისის სახელმწიფო ისტორიული მუზეუმის 100 წლის იუბილესადმი | ||
| 653 | _aეთნოლოგია | ||
| 653 | _aისტორია | ||
| 653 | _aხელოვნების ისტორია | ||
| 653 | _aარქეოლოგია | ||
| 700 |
_aლანჩავა, ო. _eრედაქტორი _918171 |
||
| 700 |
_aქარციძე, ნ. _eრედაქტორი _918172 |
||
| 942 |
_2udc _cBK |
||